Geologic study along Highway 80 from Alabama line to Jackson, Mississippi. (Record no. 29575)

MARC details
000 -LEADER
fixed length control field 01032cam a22002891 4500
001 - CONTROL NUMBER
control field gs 61000278
003 - CONTROL NUMBER IDENTIFIER
control field DLC
005 - DATE AND TIME OF LATEST TRANSACTION
control field 20260227111410.0
008 - FIXED-LENGTH DATA ELEMENTS--GENERAL INFORMATION
fixed length control field 781128s1961 msuab s000 0 eng
010 ## - LIBRARY OF CONGRESS CONTROL NUMBER
LC control number gs 61000278
035 ## - SYSTEM CONTROL NUMBER
System control number (OCoLC)4402940
040 ## - CATALOGING SOURCE
Original cataloging agency DLC
Transcribing agency MsSM
Modifying agency DLC
042 ## - AUTHENTICATION CODE
Authentication code premarc
050 00 - LIBRARY OF CONGRESS CALL NUMBER
Classification number QE129
Item number .A2 no. 91
100 1# - MAIN ENTRY--PERSONAL NAME
Personal name Priddy, Richard Randall.
245 10 - TITLE STATEMENT
Title Geologic study along Highway 80 from Alabama line to Jackson, Mississippi.
260 ## - PUBLICATION, DISTRIBUTION, ETC.
Place of publication, distribution, etc. University, Miss.,
Date of publication, distribution, etc. 1961.
300 ## - PHYSICAL DESCRIPTION
Extent 62 p.
Other physical details illus., maps, profiles, table.
Dimensions 23 cm.
410 20 - SERIES STATEMENT/ADDED ENTRY--CORPORATE NAME [OBSOLETE, CAN/MARC], [LOCAL, USA]
Corporate name or jurisdiction name as entry element Mississippi Geological, Economic, and Topographical Survey
Title of a work Bulletin,
Volume number/sequential designation no. 91
500 ## - GENERAL NOTE
General note Part of illustrative matter fold. in pocket.
500 ## - GENERAL NOTE
General note Prepared in cooperation with the Mississippi State Highway Dept.
504 ## - BIBLIOGRAPHY, ETC. NOTE
Bibliography, etc. note Bibliography: p. 62.
650 #0 - SUBJECT ADDED ENTRY--TOPICAL TERM
Topical term or geographic name entry element Physical geography
Geographic subdivision Mississippi.
650 #0 - SUBJECT ADDED ENTRY--TOPICAL TERM
Topical term or geographic name entry element Borings
Geographic subdivision Mississippi.
650 #0 - SUBJECT ADDED ENTRY--TOPICAL TERM
Topical term or geographic name entry element Geology
Geographic subdivision Mississippi.
740 0# - ADDED ENTRY--UNCONTROLLED RELATED/ANALYTICAL TITLE
Uncontrolled related/analytical title Highway 80 from Alabama line to Jackson, Mississippi.

No items available.

Powered by Koha